Normal view
MARC view
- Vejar Vázquez, Octavio,
Entry Nombre Personal
001 - NUMERO DE CONTROL
- campo de control: 29474
003 - IDENTIFICADOR DE NUMERO DE CONTROL
- campo de control: DLC
005 - FECHA Y HORA DE LA ÜLTIMA TRANSACCIÓN
- campo de control: 20241210120203.0
008 - DATOS DE LONGITUD FIJA
- campo de control de longitud fija: 121210n| acannaabn || aaa c
010 ## - NÚMERO DE CONTROL DE LA BIBLIOTECA DEL CONGRESO
- Número de control LC: no2012156359
035 ## - NUMERO DE CONTROL
- Número de control: (OCoLC)oca09363880
040 ## - FUENTE DE CATALOGACIÓN
- Agencia original de catalogación: CLSU
- Lenguaje de catalogación: spa
- Agencia de transcripción: CLSU
- Agencia que lo modifica: MX-MxUPN
100 1# - ENCABEZAMIENTO - NOMBRE PERSONAL
- Nombre personal: Vejar Vázquez, Octavio,
- Fechas asociadas con el nombre: 1900-1974
670 ## - FUENTE EN LA QUE SE LOCALIZARON DATOS
- Cita de la fuente: Carta a la madre y al maestro, 1942:
- Información localizada: portada (Octavio Vejar Vázquez)
670 ## - FUENTE EN LA QUE SE LOCALIZARON DATOS
- Cita de la fuente: Dicc. de hist. de la educ. en Mexico WWW site, Oct. 4, 2012:
- Información localizada: Biografías (Véjar Vázquez, Octavio; b. Apr. 30, 1900; d. 1974)
670 ## - FUENTE EN LA QUE SE LOCALIZARON DATOS
- Cita de la fuente: LC database, Oct. 4, 2012
- Información localizada: (hdgs.: Vejar Vázquez, Octavio; Vejar Vázquez, Octavio, 1900-)
670 ## - FUENTE EN LA QUE SE LOCALIZARON DATOS
- Cita de la fuente: Hacia una escuela de unidad nacional, 1942:
- Información localizada: portada (Octavio Véjar Vázquez)
675 ## - FUENTE CONSULTADA SIN DATOS
- Source citation: VIAF, Oct. 4, 2012
902 ## - CATALOGADOR
- Catalogador: Víctor Ruiz/101224
